[Event "Berlin Eckbauer op 19th"]
[Site "Berlin"]
[Date "2016.10.17"]
[Round "2"]
[White "Alves, Christopher"]
[Black "Meinicke, Kurt"]
[Result "1-0"]
[WhiteElo "1624"]
[BlackElo "1514"]
[PlyCount "55"]
[EventDate "2016.10.10"]
[EventType "swiss"]
[EventRounds "7"]
[EventCountry "GER"]
[SourceTitle "EXT 2022"]
[Source "ChessBase"]
[SourceDate "2021.10.06"]
[SourceVersion "1"]
[SourceVersionDate "2021.10.06"]
[SourceQuality "1"]

1. e4 e5 2. Nf3 Nc6 3. g3 Bc5 4. c3 Nf6 5. d3 d6 6. Bg2 0-0 7. 0-0 a5 8. Nbd2 Bg4 9. Qb3 a4 10. Qc2 Qe8 11. Rb1 Be6 12. b3 b5 13. Bb2 a3 14. Ba1 Ng4 15. d4 Bb6 16. d5 Bc8 17. dxc6 Qxc6 18. b4 f5 19. exf5 Bxf5 20. Qb3+ Kh8 21. Nd4 Qd7 22. Nxf5 Qxf5 23. Ne4 Nxf2 24. Nxf2 Bxf2+ 25. Kh1 Qh5 26. Bxa8 Rf6 27. Qc2 Qf7 28. Kg2 1-0

[Event "Berlin Eckbauer op 13th"]
[Site "Berlin"]
[Date "2010.09.13"]
[Round "1.28"]
[White "Alves, Christopher"]
[Black "Hankow, Bert Juergen"]
[Result "0-1"]
[WhiteElo "1357"]
[BlackElo "1994"]
[PlyCount "74"]
[EventDate "2010.09.13"]
[EventType "swiss"]
[EventRounds "7"]
[EventCountry "GER"]
[SourceTitle "EXT 2022"]
[Source "ChessBase"]
[SourceDate "2021.10.06"]
[SourceVersion "1"]
[SourceVersionDate "2021.10.06"]
[SourceQuality "1"]

1. c4 Nf6 2. Nc3 e6 3. g3 d5 4. cxd5 exd5 5. d4 c6 6. Bg2 Nbd7 7. e3 Bd6 8. Nge2 0-0 9. 0-0 Re8 10. a3 a5 11. Bd2 Nf8 12. f3 Bf5 13. Na4 Qe7 14. Re1 Ne6 15. Nc1 h6 16. Nb3 b5 17. Nc3 a4 18. Nc1 Ng5 19. e4 dxe4 20. Bxg5 hxg5 21. fxe4 Nxe4 22. Nxe4 Bxe4 23. Rxe4 Qf6 24. Rxe8+ Rxe8 25. Ne2 c5 26. dxc5 Bxc5+ 27. Kh1 Qf2 28. Nc3 Qxb2 29. Ne4 Be7 30. Qb1 Qe5 31. Qf1 f5 32. Nf2 Bf6 33. Rb1 Qc5 34. Rxb5 Qxa3 35. Bd5+ Kf8 36. Qc4 Qe3 37. Bg8 Qf3+ 0-1

[Event "Berlin Eckbauer op 12th"]
[Site "Berlin"]
[Date "2009.09.14"]
[Round "1.4"]
[White "Alves, Christopher"]
[Black "Schmidt, Peter"]
[Result "0-1"]
[WhiteElo "1576"]
[BlackElo "2114"]
[PlyCount "94"]
[EventDate "2009.09.14"]
[EventType "swiss"]
[EventRounds "7"]
[EventCountry "GER"]
[SourceTitle "EXT 2022"]
[Source "ChessBase"]
[SourceDate "2021.10.06"]
[SourceVersion "1"]
[SourceVersionDate "2021.10.06"]
[SourceQuality "1"]

1. e4 d5 2. exd5 Qxd5 3. Nc3 Qd6 4. Nf3 Nc6 5. d4 a6 6. a3 Nf6 7. Be2 Bg4 8. d5 Ne5 9. 0-0 Bxf3 10. Bxf3 0-0-0 11. Ne4 Nxf3+ 12. Qxf3 Qxd5 13. Qh3+ e6 14. Nxf6 gxf6 15. g3 h5 16. Bf4 Be7 17. c4 Qd3 18. Rfe1 h4 19. Qg2 hxg3 20. hxg3 e5 21. Qe4 Qd7 22. Be3 Qe6 23. Rad1 f5 24. Rxd8+ Rxd8 25. Qf3 Qg6 26. b4 Qg4 27. Qxg4 fxg4 28. Kf1 Rd3 29. Ra1 Rc3 30. c5 Rc2 31. Ke1 Bf6 32. Rb1 Ra2 33. Rb3 e4 34. Bc1 Bd4 35. Be3 Bxe3 36. Rxe3 f5 37. Kf1 Kd7 38. Rc3 Kc6 39. Ke1 Kb5 40. c6 b6 41. Rc1 Rxa3 42. Rd1 Kxc6 43. Rc1+ Kb5 44. Rxc7 Kxb4 45. Rf7 Rf3 46. Rf6 Kc5 47. Rf8 a5 0-1